[Event "Madrid-ch Seniors"]
[Site "Madrid"]
[Date "2016.01.23"]
[Round "2"]
[White "Moragrega Herrero, Juan Jose"]
[Black "Ciuro Munoz, Ricardo"]
[Result "0-1"]
[WhiteElo "1837"]
[BlackElo "2024"]
[PlyCount "42"]
[EventDate "2016.01.22"]
[EventType "swiss"]
[EventRounds "7"]
[EventCountry "ESP"]
[SourceTitle "EXT 2017"]
[Source "ChessBase"]
[SourceDate "2016.10.25"]
[SourceVersion "1"]
[SourceVersionDate "2016.10.25"]
[SourceQuality "1"]

1. d4 Nf6 2. g3 e6 3. Bg2 d5 4. f3 c5 5. c3 cxd4 6. cxd4 Nc6 7. Nh3 Qb6 8. e3 Qa6 9. Bf1 Qb6 10. Nc3 Bd7 11. Nf4 Bd6 12. Nd3 0-0 13. Na4 Qd8 14. f4 Ne4 15. Bg2 Qa5+ 16. Ke2 Nxd4+ 17. exd4 Bxa4 18. Qg1 Bb5 19. Qe3 Qa6 20. Bxe4 dxe4 21. Qxe4 Bc6 0-1

[Event "Madrid-ch"]
[Site "Madrid"]
[Date "2012.11.06"]
[Round "2"]
[White "Moragrega Herrero, Juan Jose"]
[Black "Leniz Martinez, Francisco"]
[Result "1-0"]
[WhiteElo "1922"]
[BlackElo "1783"]
[PlyCount "67"]
[EventDate "2012.11.05"]
[EventType "swiss"]
[EventRounds "9"]
[EventCountry "ESP"]
[SourceTitle "CBM 151 Extra"]
[Source "ChessBase"]
[SourceDate "2012.12.18"]
[SourceVersion "1"]
[SourceVersionDate "2012.12.18"]
[SourceQuality "1"]

1. c4 e5 2. Nc3 Nc6 3. g3 b6 4. Bg2 Bb7 5. d3 Bb4 6. Bd2 Nf6 7. a3 Bxc3 8. Bxc3 Rb8 9. e4 0-0 10. Ne2 Re8 11. 0-0 a5 12. b4 d6 13. f4 Qe7 14. b5 Nd8 15. f5 Ba8 16. h3 Nd7 17. Bd2 f6 18. Be3 Nc5 19. g4 Nf7 20. a4 Rf8 21. Ng3 Kh8 22. Ra2 Rg8 23. h4 Rbf8 24. Raf2 Nd7 25. Qd2 Bb7 26. Kh2 Ba8 27. g5 fxg5 28. hxg5 Qe8 29. Bh3 Nc5 30. g6 hxg6 31. fxg6 Nd8 32. Bxc5 Rxf2+ 33. Rxf2 bxc5 34. Qg5 1-0

[Event "Madrid-ch Seniors"]
[Site "Madrid"]
[Date "2012.01.18"]
[Round "3"]
[White "Gonzalez Mateos, Rafael"]
[Black "Moragrega Herrero, Juan Jose"]
[Result "1-0"]
[WhiteElo "2148"]
[BlackElo "1929"]
[PlyCount "45"]
[EventDate "2012.01.16"]
[EventType "swiss"]
[EventRounds "9"]
[EventCountry "ESP"]
[SourceTitle "EXT 2014"]
[Source "ChessBase"]
[SourceDate "2013.11.20"]
[SourceVersion "1"]
[SourceVersionDate "2013.11.20"]
[SourceQuality "1"]

1. d4 d5 2. c3 Nf6 3. Bg5 e6 4. Nf3 Be7 5. Nbd2 0-0 6. e3 Nbd7 7. Bd3 h6 8. Bh4 c5 9. Qe2 Qc7 10. g4 g5 11. Bg3 Bd6 12. Bxd6 Qxd6 13. h4 e5 14. hxg5 Nxg4 15. Bf5 Nb6 16. Bxg4 Bxg4 17. dxe5 Qd7 18. Rxh6 Rae8 19. 0-0-0 Kg7 20. Rdh1 Rh8 21. Qf1 Qa4 22. R1h4 Bf5 23. Rxa4 1-0

[Event "Madrid-ch Seniors"]
[Site "Madrid"]
[Date "2011.02.16"]
[Round "8"]
[White "Ciuro Munoz, Ricardo"]
[Black "Moragrega Herrero, Juan Jose"]
[Result "1-0"]
[WhiteElo "2169"]
[BlackElo "1970"]
[PlyCount "79"]
[EventDate "2011.02.07"]
[EventType "swiss"]
[EventRounds "9"]
[EventCountry "ESP"]
[SourceTitle "CBM 140 Extra"]
[Source "ChessBase"]
[SourceDate "2011.03.01"]
[SourceVersion "1"]
[SourceVersionDate "2011.03.01"]
[SourceQuality "1"]

1. e4 e6 2. d4 d5 3. Nd2 f5 4. exf5 exf5 5. Ngf3 Nf6 6. Bb5+ c6 7. Bd3 Bd6 8. 0-0 0-0 9. Ne5 Ne4 10. c4 Qc7 11. f4 Nd7 12. cxd5 cxd5 13. Qb3 Ndf6 14. Nxe4 fxe4 15. Bxe4 Be6 16. Bd3 Bxe5 17. fxe5 Nd7 18. Bd2 a6 19. Rxf8+ Rxf8 20. Rc1 Qb8 21. Be2 Qa7 22. Be3 b5 23. Rc6 Re8 24. Bf3 Nb6 25. Qc3 Rc8 26. Rxc8+ Bxc8 27. Bxd5+ Nxd5 28. Qxc8+ Kf7 29. Qf5+ Kg8 30. Bf2 Qc7 31. Qe6+ Qf7 32. Qc8+ Qf8 33. Qxa6 Qe8 34. Qd6 Nf4 35. Be3 Ng6 36. e6 Qa8 37. Qd7 Qf8 38. Qxb5 Ne7 39. d5 Qd8 40. Bg5 1-0

[Event "Madrid-ch Seniors"]
[Site "Madrid"]
[Date "2011.02.10"]
[Round "4"]
[White "Moragrega Herrero, Juan Jose"]
[Black "Alvarez Escudero, Manuel"]
[Result "1-0"]
[WhiteElo "1970"]
[BlackElo "1827"]
[PlyCount "86"]
[EventDate "2011.02.07"]
[EventType "swiss"]
[EventRounds "9"]
[EventCountry "ESP"]
[SourceTitle "CBM 140 Extra"]
[Source "ChessBase"]
[SourceDate "2011.03.01"]
[SourceVersion "1"]
[SourceVersionDate "2011.03.01"]
[SourceQuality "1"]

1. d4 d5 2. g3 e6 3. Bg2 Nf6 4. f3 c5 5. e3 cxd4 6. exd4 Nc6 7. c3 Bd6 8. f4 Qc7 9. Nf3 b5 10. b4 a5 11. bxa5 Rxa5 12. Ne5 0-0 13. Bd2 Ra6 14. Bf1 Rb6 15. a3 Ne4 16. Bd3 Nxd2 17. Qxd2 f6 18. Nxc6 Qxc6 19. 0-0 Ba6 20. Re1 Re8 21. Qc2 h6 22. Ra2 Qc7 23. Qb3 Qc6 24. Ree2 Bc8 25. Bf5 Kf7 26. Qc2 Re7 27. Bg6+ Kg8 28. Bh5 Bd7 29. Bg4 e5 30. Bxd7 Qxd7 31. fxe5 fxe5 32. dxe5 Bc5+ 33. Kg2 Qc6 34. h3 d4+ 35. Qe4 dxc3 36. Qxc6 Rxc6 37. Nxc3 Bxa3 38. Nxb5 Bb4 39. Rab2 Ba5 40. Nd4 Rc5 41. Rb5 Rxb5 42. Nxb5 Bc7 43. h4 g6 1-0

[Event "Benidorm op U2000 09th"]
[Site "Benidorm"]
[Date "2010.12.06"]
[Round "4"]
[White "Moragrega Herrero, Juan Jose"]
[Black "Mingarro Carceller, Sergi"]
[Result "0-1"]
[WhiteElo "1986"]
[BlackElo "1917"]
[PlyCount "46"]
[EventDate "2010.12.03"]
[EventType "swiss"]
[EventRounds "10"]
[EventCountry "ESP"]
[SourceTitle "CBM 139 Extra"]
[Source "ChessBase"]
[SourceDate "2011.01.05"]
[SourceVersion "1"]
[SourceVersionDate "2011.01.05"]
[SourceQuality "1"]

1. c4 f5 2. d4 Nf6 3. Nc3 g6 4. g3 Bg7 5. Bg2 0-0 6. f3 d6 7. Nh3 e5 8. e3 c6 9. 0-0 Na6 10. Nf2 g5 11. f4 gxf4 12. exf4 e4 13. Be3 Nc7 14. Qd2 d5 15. c5 h5 16. h4 Ne6 17. b4 Qe8 18. a4 Qg6 19. Ne2 Bd7 20. Rfb1 a6 21. Nh3 Ng4 22. Nc3 Nxe3 23. Qxe3 Bxd4 0-1

[Event "Madrid-ch Seniors"]
[Site "Madrid"]
[Date "2008.02.09"]
[Round "5"]
[White "Perez Cameselle, Francisco Jose"]
[Black "Moragrega Herrero, Juan Jose"]
[Result "1-0"]
[WhiteElo "1976"]
[BlackElo "2048"]
[PlyCount "63"]
[EventDate "2008.02.05"]
[EventType "swiss"]
[EventRounds "7"]
[EventCountry "ESP"]
[SourceTitle "EXT 2010"]
[Source "ChessBase"]
[SourceDate "2010.11.25"]
[SourceVersion "1"]
[SourceVersionDate "2010.11.25"]
[SourceQuality "1"]

1. e4 e6 2. d3 d5 3. Nd2 g6 4. Ngf3 Bg7 5. g3 Nf6 6. Bg2 0-0 7. 0-0 c5 8. Re1 Nc6 9. Qe2 b6 10. Nf1 Ne8 11. c3 Bb7 12. e5 Nc7 13. Bg5 Qd7 14. Qd2 Ne8 15. Bh6 Ne7 16. Bxg7 Kxg7 17. g4 Nc6 18. Qe2 Rh8 19. Ng3 Na5 20. Nd2 Nc7 21. f4 Nc6 22. f5 exf5 23. gxf5 Rhf8 24. f6+ Kh8 25. Qe3 Rae8 26. Qh6 Rg8 27. Bh3 Ne6 28. Nf3 Qc7 29. Bxe6 fxe6 30. Ng5 Rgf8 31. Nxe6 Qf7 32. Qg7+ 1-0

[Event "Madrid-ch Seniors"]
[Site "Madrid"]
[Date "2008.02.06"]
[Round "2"]
[White "Moragrega Herrero, Juan Jose"]
[Black "Rodriguez Bachiller, Luis"]
[Result "1-0"]
[WhiteElo "2048"]
[BlackElo "1898"]
[PlyCount "101"]
[EventDate "2008.02.05"]
[EventType "swiss"]
[EventRounds "7"]
[EventCountry "ESP"]
[SourceTitle "EXT 2010"]
[Source "ChessBase"]
[SourceDate "2010.11.25"]
[SourceVersion "1"]
[SourceVersionDate "2010.11.25"]
[SourceQuality "1"]

1. d4 Nf6 2. c4 g6 3. Nc3 Bg7 4. e4 d6 5. f3 0-0 6. Be3 c5 7. Nge2 cxd4 8. Nxd4 Nc6 9. Qd2 Nxd4 10. Bxd4 a6 11. Be2 Bd7 12. Rd1 Qa5 13. 0-0 Rfe8 14. a3 Rac8 15. b4 Qc7 16. Bxf6 Bxf6 17. Nd5 Qc6 18. Nxf6+ exf6 19. Qxd6 Qxd6 20. Rxd6 Be6 21. c5 Red8 22. Rfd1 Rxd6 23. Rxd6 Kf8 24. Kf2 Ke7 25. Ke3 a5 26. Rb6 Rc7 27. Kd4 axb4 28. axb4 f5 29. e5 Kd8 30. f4 Kc8 31. Bf3 Rd7+ 32. Rd6 Kc7 33. Bd5 Re7 34. b5 Re8 35. Bxe6 fxe6 36. b6+ Kc8 37. Kc4 h6 38. Kb5 g5 39. g3 gxf4 40. gxf4 Rg8 41. Rxe6 Rg2 42. c6 Rb2+ 43. Kc5 Rc2+ 44. Kd6 bxc6 45. Re7 Rxh2 46. Kxc6 Rc2+ 47. Kd6 Rf2 48. Rc7+ Kb8 49. e6 Rxf4 50. e7 Re4 51. Rd7 1-0

[Event "Madrid-ch Seniors"]
[Site "Madrid"]
[Date "2008.02.05"]
[Round "1"]
[White "Hernandez del Can, Jose Alberto"]
[Black "Moragrega Herrero, Juan Jose"]
[Result "0-1"]
[WhiteElo "1856"]
[BlackElo "2048"]
[PlyCount "88"]
[EventDate "2008.02.05"]
[EventType "swiss"]
[EventRounds "7"]
[EventCountry "ESP"]
[SourceTitle "EXT 2010"]
[Source "ChessBase"]
[SourceDate "2010.11.25"]
[SourceVersion "1"]
[SourceVersionDate "2010.11.25"]
[SourceQuality "1"]

1. c4 c6 2. Nc3 d5 3. cxd5 cxd5 4. d4 e6 5. Nf3 Nc6 6. e3 Bd6 7. Bd3 f5 8. Bb5 Bd7 9. 0-0 Nf6 10. Bxc6 Bxc6 11. h3 h6 12. Ne5 g5 13. g3 g4 14. h4 Bxe5 15. dxe5 Nd7 16. b4 b6 17. Ne2 Bb5 18. Nf4 Nf8 19. Re1 Bc4 20. a3 Kf7 21. Bb2 Nd7 22. Rc1 Qc7 23. Qd4 Rac8 24. Red1 b5 25. Rd2 Qb6 26. Rdc2 Qxd4 27. Bxd4 Ra8 28. Ne2 a5 29. Nc3 axb4 30. axb4 Ra3 31. Nd1 Rha8 32. Kg2 Rb3 33. Bc3 Bd3 34. Rb2 Rba3 35. f4 Nb6 36. Nf2 Be4+ 37. Nxe4 fxe4 38. Bd4 Nc4 39. Re2 Rb3 40. Bc5 Raa3 41. Kf2 Nb2 42. Kf1 Nd3 43. Rcc2 Rb1+ 44. Kg2 Raa1 0-1